| 000 | 00604nam a2200193 i 4500 | ||
|---|---|---|---|
| 001 | 36139 | ||
| 003 | ES-MaACL | ||
| 005 | 20230906155318.0 | ||
| 007 | t| | ||
| 008 | 030217s1968 sp ||||1| spa d | ||
| 100 | 1 |
_aBria, Lázaro. _931666 |
|
| 245 | 1 | 0 |
_aHolanda _b: ¿riesgo inutil? / _cLázaro Bria y Máximo Casasnovas ; prólogo de José M. González Ruiz. |
| 250 | _a[1ª ed.]. | ||
| 260 |
_aBarcelona : _bNova Terra, _c[1968] |
||
| 300 |
_a345 p. ; _c19 cm. |
||
| 700 | 1 |
_aCasasnovas, Máximo. _936246 |
|
| 700 | 1 |
_aGonzález Ruiz, José María. _958943 |
|
| 852 |
_aES-MaACL _jC-51771 _bR.65919 |
||
| 999 |
_c36139 _d36139 |
||